[Event "Pan American-ch School U11 12th"]
[Site "Callao"]
[Date "2023.10.18"]
[Round "5"]
[White "Zegarra Castaneda, Oliver Mateo"]
[Black "Cortez Chuviru, Gael Marbel"]
[Result "1/2-1/2"]
[WhiteElo "1080"]
[BlackElo "1233"]
[PlyCount "82"]
[EventDate "2023.10.16"]
[EventType "swiss"]
[EventRounds "9"]
[EventCountry "PER"]
[SourceTitle "CBM 217 Extra"]
[Source "ChessBase"]
[SourceDate "2024.01.31"]
[SourceVersion "1"]
[SourceVersionDate "2024.01.31"]
[SourceQuality "1"]

1. e4 e6 2. d4 d5 3. Nd2 Nf6 4. Bd3 c5 5. c3 Nc6 6. Ne2 a6 7. 0-0 dxe4 8. Nxe4 cxd4 9. cxd4 Be7 10. b3 0-0 11. Bb2 Nd5 12. Rc1 f5 13. Nc5 Bg5 14. Rb1 b6 15. Na4 Bf6 16. Rc1 Bb7 17. a3 Re8 18. Bc4 Na5 19. Re1 Bg5 20. Rc2 Nf6 21. Ng3 Nxc4 22. bxc4 f4 23. Nf1 Bc6 24. Rce2 f3 25. Rxe6 Rxe6 26. Rxe6 Qd7 27. Nxb6 Qxe6 28. Nxa8 Bxa8 29. d5 Qe2 30. Qb3 fxg2 31. Kxg2 Qe4+ 32. Kg1 Bf4 33. Ng3 Qe1+ 34. Kg2 Ng4 35. Qf3 Bxg3 36. Qxg3 Qe4+ 37. Kg1 Qb1+ 38. Kg2 Qxb2 39. Qxg4 Qb7 40. Qe6+ Qf7 41. Qc8+ Qf8 1/2-1/2

[Event "Pan American-ch School U11 12th"]
[Site "Callao"]
[Date "2023.10.16"]
[Round "2"]
[White "Zegarra Castaneda, Oliver Mateo"]
[Black "Calluchi Carrillo, Thiago Andre"]
[Result "1-0"]
[WhiteElo "1080"]
[BlackElo "1272"]
[PlyCount "65"]
[EventDate "2023.10.16"]
[EventType "swiss"]
[EventRounds "9"]
[EventCountry "PER"]
[SourceTitle "CBM 217 Extra"]
[Source "ChessBase"]
[SourceDate "2024.01.31"]
[SourceVersion "1"]
[SourceVersionDate "2024.01.31"]
[SourceQuality "1"]

1. e4 e5 2. Nf3 Nc6 3. Bc4 Bc5 4. c3 Nf6 5. d3 h6 6. 0-0 d5 7. exd5 Nxd5 8. Qb3 Nce7 9. Qb5+ c6 10. Qxc5 0-0 11. Nxe5 Qc7 12. d4 Be6 13. Nd2 Rfe8 14. Bxd5 Nxd5 15. Ndf3 Bf5 16. c4 Ne7 17. Nh4 b6 18. Qa3 Rad8 19. Be3 f6 20. Nxf5 Nxf5 21. Nf3 Nxe3 22. fxe3 a5 23. Rfe1 b5 24. cxb5 cxb5 25. Rac1 Qb6 26. Rc5 Kh8 27. Kf2 Ra8 28. Rec1 b4 29. Qa4 Reb8 30. b3 Re8 31. Rc6 Qd8 32. Rc7 Qd5 33. Qc6 1-0